00489 2200205 4500001002100000005001500021008004100036020002200077035001900099041000600118082000800124090001400132100002100146245002200167250000600189260004200195300003000237500000600267650001000273INLIS00000000000624520241224113244241224||||||||| | ||| |||| ||  a978-602-17132-7-3 0010-1224006245 a00 a703 a703 RER k0 aRenati W. Rosari00aKamus Seni Budaya a1 aSurakartabAksara Sinergi Mediac2013 avii,392 hlm.:ilusi,;21 cm a2 0aKamus